| 000 | 01707nam a2200361 a 4500 | ||
|---|---|---|---|
| 001 | 0000312 | ||
| 003 | DO-SdBNP | ||
| 005 | 20180306112804.0 | ||
| 007 | 0000312 | ||
| 008 | 150130s2014 dr abc 000 0 spa d | ||
| 020 | _a9789945495178 | ||
| 040 |
_aBPMSU _bspa _cBPMSU |
||
| 092 |
_a372.83 _bH557c 5to. 2013 |
||
| 100 | 1 | _aHernández Grullón, Alejandro | |
| 245 | 1 | 0 |
_aCiencias sociales 5 : _beducación básica / _cAlejandro Hernández Grullón, Juan Ricardo Hernández; actualización Daniel Pérez |
| 260 |
_aSanto Domingo : _bActualidad Escolar 2000, _c2014. |
||
| 300 |
_a206 p. : _bil., mapas retrs. ; _c28 cm. |
||
| 500 | _aEste libro ha sido realizado de acuerdo al curriculum vigente y ha sido sometido a la evaluación a aprovación del MINERD | ||
| 500 | _aEdición revisada y actualizada al 2014. | ||
| 504 | _aBibliografía p: 206 | ||
| 505 | 1 |
_tLa isla de Santo Domingo y la región del Caribe -- _tLos continentes: América, Europa, África, Asia, Oceanía y Antártida -- _tLas civilizaciones antiguas -- _tÁfrica y América conquistadas por Europa -- _tLas civilizaciones del continente americano y pobladores de las Antillas -- _tAzúcar y esclavitud en la región caribeña. |
|
| 650 | 4 |
_aCIENCIAS SOCIALES _xENSEÑANZA BÁSICA |
|
| 650 | 4 |
_aCIENCIAS SOCIALES _xEDUCACIÓN PRIMARIA |
|
| 650 | 4 |
_aEDUCACIÓN PRIMARIA _xREPÚBLICA DOMINICANA |
|
| 650 | 4 |
_aCIENCIAS SOCIALES _xLIBROS DE TEXTOS |
|
| 650 | 4 |
_aCIENCIAS SOCIALES _xESTUDIOS Y EJERCICIOS |
|
| 700 | 1 | 2 | _aHernández, Juan Ricardo |
| 700 | 1 | 2 | _aPérez, Danilda |
| 910 | _aValidado. Control de calidad MFF | ||
| 942 |
_2ddc _cBK |
||
| 945 | _aRemanejado para la BNPHU / 2018 VM | ||
| 956 |
_aYLOCKWARD _b10 |
||
| 999 |
_c9857 _d9857 |
||